000 00869nam a2200229Ia 4500
999 _c41616
_d41616
001 8285
003 GE_BSU
005 20240419112014.0
008 181216s2013||||ge |||||||||||||| ||geo||
020 _a9789941931550
040 _cGE_BSU
041 _ageo
080 _a94(479.223)(092) ს–96
100 _aსურგულაძე, აბელ
_921880
245 _aსელიმ ხიმშიაშვილი=Selim Khimshiashvili /
_cაბელ სურგულაძე, რამაზ სურმანიძე.
264 _aთბილისი :
_b[გ.გ],
_c2013.
300 _a228 გვ. :
_bილ.;
_c21 სმ.
500 _aსაძიებ. : გვ. 216
653 _aსელიმ ხიმშიაშვილი
700 _aსურმანიძე, რამაზ
_eავტორი
_921881
942 _cBK
_2udc